Stride toward freedom: the montgomery story

Salvato in:
Dettagli Bibliografici
Autore principale: King, Martin Luther (Autore)
Natura: Libro
Lingua:inglese
Pubblicazione: Nueva York Ballantine Books 1958
Soggetti:
Tags: Aggiungi Tag
Nessun Tag, puoi essere il primo ad aggiungerne!!

MARC

LEADER 00000nam a2200000 a 4500
001 UCQ2075
003 CL-VaPUC
005 20250226122733.0
008 980721e19580000US |||||||||||||||||eng|d
999 |c 272917  |d 272915 
040 |c Pontificia Universidad Católica de Valparaíso 
082 0 4 |a 327.172  |b KIN  |2 21 
100 1 |a King, Martin Luther  |e author  |9 859170 
245 1 0 |a Stride toward freedom: the montgomery story 
260 |a Nueva York  |b Ballantine Books  |c 1958 
300 |a 190 p 
583 |a last modification  |c 19980721 00:00:00  |k Rodrigo Vera 
650 0 |a No violencia  |9 348775 
650 7 |a PACIFISMO  |2 CL-VaPUC  |9 319054 
650 0 |a Segregación racial  |9 415958 
650 7 |a LUCHAS SOCIALES  |2 CL-VaPUC  |9 394052 
650 0 |a Conflicto social  |9 255404 
650 7 |a NEGROS  |2 CL-VaPUC  |9 340345 
650 7 |a HISTORIA ESTADOS UNIDOS S. 20  |2 CL-VaPUC  |9 415959 
852 |a BIBCUR 
942 |c BK  |2 ddc 
945 |d 19980721 00:00:00  |a crobeson 
952 |0 0  |1 0  |4 0  |6 327_172000000000000_KIN_1958  |7 0  |8 P  |9 308140  |a BIBEDU  |b BIBEDU  |c BIBEDU_PB  |d 2019-11-20  |i 1435736  |o 327.172 KIN 1958  |p 1435736  |r 2024-01-25  |w 2019-11-20  |y BK  |k LIT